000 00578nam a22001937a 4500
005 20130913112427.0
010 _aENG-107809
020 _a9789380574066
_c1250.00
035 _aEN-91342
037 _bDBAD/PUB
082 _a726.14509543
100 _aShah, Ashok
245 _aThe grandeur of granite :
_cby Ashok Shah
_bShiva-yogini temple of Vyas Bhadora /
260 _aDelhi
_bBookwell
_c2012
270 _a3/79, Nirankari Colony
_bDelhi
_e110009
300 _axiv,94 p. :
_c24cm(Hb)
_bcol. ill. ;
700 _a
942 _2ddc
_cEN
_mSHA
_h726.14509543
999 _c77170
_d77170